| 000 | 00317nam a22001217a 4500 | ||
|---|---|---|---|
| 020 | _a0070992908 | ||
| 082 |
_222 _a547.16 |
||
| 100 | _aEliel, Ernest. | ||
| 245 | _aStereochemistry of carbon compounds / | ||
| 260 |
_aNew Delhi, _bTata McGraw Hill, _cc2007. |
||
| 300 |
_axv, 486 p. ; _bill. ; _c21 cm. |
||
| 942 |
_2ddc _cCHE |
||
| 999 |
_c2147 _d2147 |
||